000 00511nam a22001937a 4500
003 MPLRDC
005 20220104191719.0
008 210129b ||||| |||| 00| 0 eng d
020 _a978-957-13-5487-3
082 _a855 CWQ-6
100 _a陈文茜
245 _a只剩一个角落的繁华
_c
250 _a初版四刷
260 _a台湾
_b时报文化出版企业股份有限公司
_c2012
300 _b
490 _aPEOPLE; 366
650 _a散文;随笔、日记
942 _cBK
_o855 CWQ-6
999 _c64374
_d64364